South African case study on social exclusion (Record no. 405222)

MARC details
000 -LEADER
fixed length control field 00305nam a2200097Ia 4500
082 ## - DEWEY DECIMAL CLASSIFICATION NUMBER
Classification number ST 362.10420968 RISP
008 - FIXED-LENGTH DATA ELEMENTS--GENERAL INFORMATION
fixed length control field 210817s9999 xx 000 0 und d
100 ## - MAIN ENTRY--PERSONAL NAME
Personal name Rispel, L. C. Cape Town, South Africa, 2008
9 (RLIN) 29924
245 #0 - TITLE STATEMENT
Title South African case study on social exclusion
942 ## - ADDED ENTRY ELEMENTS
item type Books

No items available.